| 000 | 00470nam a22001697a 4500 | ||
|---|---|---|---|
| 003 | NUST - PNEC | ||
| 005 | 20170116181010.0 | ||
| 008 | 150909b xxu||||| |||| 00| 0 eng d | ||
| 020 | _a0900162678 | ||
| 040 | _cLIBRARY | ||
| 082 | _a621.381 PEN | ||
| 100 |
_99245 _aPenfold, R. A. |
||
| 245 |
_aHow to build advance short wave recievers _cR. A. Penfold |
||
| 260 | _cc 1977 | ||
| 650 |
_99246 _aElectronic apparatus and appliances--Testing _xEL, EE |
||
| 942 |
_2ddc _cBK |
||
| 999 |
_c67069 _d67069 |
||